[Event "FRA-chT3 Gr12 0304"]
[Site "Loire"]
[Date "2003.11.16"]
[Round "3.7"]
[White "Gerest, Yves"]
[Black "Darbon, Pierre Yves"]
[Result "1-0"]
[WhiteElo "1840"]
[BlackElo "1770"]
[PlyCount "63"]
[EventDate "2003.10.12"]
[EventType "team"]
[EventRounds "9"]
[EventCountry "FRA"]
[SourceTitle "EXT 2008"]
[Source "ChessBase"]
[SourceDate "2007.11.25"]
[SourceVersion "1"]
[SourceVersionDate "2007.11.25"]
[SourceQuality "1"]

1. e4 e6 2. c3 d5 3. exd5 exd5 4. d4 Bd6 5. Bd3 Nc6 6. Qb3 Nge7 7. Bg5 f6 8. Bh4 Na5 9. Qc2 Be6 10. Nd2 Bf7 11. Ngf3 Qd7 12. 0-0-0 0-0-0 13. Bg3 Kb8 14. Bxd6 Qxd6 15. Nh4 g6 16. g3 Nc8 17. Ng2 Nb6 18. Ne3 Be8 19. b3 c5 20. dxc5 Qxc5 21. b4 Qd6 22. bxa5 Na4 23. Nb1 Rc8 24. Qb3 Qe5 25. Nxd5 Nc5 26. Qc4 Bf7 27. Bf1 Ne4 28. Qd4 Qe6 29. Bg2 Nd6 30. Rhe1 Qd7 31. Nxf6 Qd8 32. Qxd6+ 1-0

[Event "Cappelle op 17th"]
[Site "Cappelle la Grande"]
[Date "2001.03.03"]
[Round "9"]
[White "Le Du, Michel"]
[Black "Gerest, Yves"]
[Result "1-0"]
[WhiteElo "2067"]
[BlackElo "1830"]
[PlyCount "119"]
[EventDate "2001.02.24"]
[EventType "swiss"]
[EventRounds "9"]
[EventCountry "FRA"]
[SourceTitle "CBM 080 Extra"]
[Source "ChessBase"]
[SourceDate "2001.03.08"]
[SourceVersion "1"]
[SourceVersionDate "2001.03.08"]
[SourceQuality "1"]

1. e4 c5 2. Nc3 Nc6 3. g3 g6 4. Bg2 Bg7 5. d3 d6 6. Be3 e6 7. Qd2 Nge7 8. Bh6 Bxh6 9. Qxh6 Kd7 10. 0-0-0 a6 11. Nf3 f6 12. Qd2 e5 13. Bh3+ Kc7 14. Bxc8 Rxc8 15. Kb1 Qd7 16. Nh4 d5 17. exd5 Nxd5 18. Ne4 Qe7 19. Ng2 b6 20. Ne3 Qe6 21. Nxd5+ Qxd5 22. Nxf6 Qf7 23. Ne4 Rhd8 24. f4 c4 25. fxe5 cxd3 26. cxd3 Nxe5 27. Qc3+ Nc6 28. Rhf1 Qd7 29. Rf6 Kb8 30. Rd6 Qc7 31. Rxd8 Rxd8 32. Rc1 Kb7 33. Qb3 Ka7 34. Qe6 Kb7 35. Rc3 Rd7 36. Qb3 Ka7 37. Qc2 Kb7 38. Qg2 Qe5 39. Rxc6 Kxc6 40. Nf6+ Rd5 41. Qxd5+ Qxd5 42. Nxd5 Kxd5 43. Kc2 Kd4 44. Kd2 b5 45. b4 g5 46. g4 Ke5 47. Ke3 Kd5 48. d4 Kc4 49. Ke4 Kxb4 50. Ke5 Ka3 51. d5 Kxa2 52. d6 b4 53. d7 b3 54. d8Q b2 55. Qa5+ Kb3 56. Qb6+ Kc2 57. Qc5+ Kb3 58. Qd5+ Kc3 59. Qd4+ Kb3 60. Qd3+ 1-0